书目信息 |
| 题名: |
煤矿采场矿山压力导论
|
|
| 作者: | 张可斌 著 | |
| 分册: | ||
| 出版信息: | 济南 山东科学技术出版社 2018.01 |
|
| 页数: | 198页 | |
| 开本: | 24cm | |
| 丛书名: | ||
| 单 册: | ||
| 中图分类: | TD32 | |
| 科图分类: | ||
| 主题词: | 煤矿开采--矿山压力--岩层控制--研究 | |
| 电子资源: | ||
| ISBN: | 978-7-5331-9118-4 | |
| 000 | 01051nam0 2200241 450 | |
| 001 | 1248 | |
| 005 | 20180927162525.27 | |
| 010 | @a978-7-5331-9118-4@dCNY39.50 | |
| 100 | @a20180714d2018 em y0chiy50 ea | |
| 101 | 0 | @achi |
| 102 | @aCN@b370000 | |
| 105 | @aak z 000yy | |
| 200 | 1 | @a煤矿采场矿山压力导论@9mei kuang cai chang kuang shan ya li dao lun@e对矿山压力岩层控制基本理论问题的研究@f张可斌等著 |
| 210 | @a济南@c山东科学技术出版社@d2018.01 | |
| 215 | @a198页@c图@d24cm | |
| 304 | @a著者还有:刘成录,王以功,代进,宋来智,郑朋强 | |
| 330 | @a本书作者在继承传统矿山压力理论的基础上,依据“回采工作面支架工作阻力顶板下沉实测曲线” 即调压实验曲线,对“支架——围岩”关系及相关课题进行了认真地探索和研究,从定性定量兩个方面论述了支架阻力围岩运动关系。 | |
| 517 | 1 | @a对矿山压力岩层控制基本理论问题的研究@9dui kuang shan ya li yan ceng kong zhi ji ben li lun wen ti de yan jiu |
| 606 | 0 | @a煤矿开采@x矿山压力@x岩层控制@x研究 |
| 690 | @aTD32@v5 | |
| 701 | 0 | @a张可斌@9zhang ke bin@4著 |
| 801 | 0 | @aCN@b91MARC@c20180714 |
| 905 | @aMuseLib@dTD32@e48 | |
| 煤矿采场矿山压力导论:对矿山压力岩层控制基本理论问题的研究/张可斌等著.-济南:山东科学技术出版社,2018.01 |
| 198页:图;24cm |
| ISBN 978-7-5331-9118-4:CNY39.50 |
| 本书作者在继承传统矿山压力理论的基础上,依据“回采工作面支架工作阻力顶板下沉实测曲线” 即调压实验曲线,对“支架——围岩”关系及相关课题进行了认真地探索和研究,从定性定量兩个方面论述了支架阻力围岩运动关系。 |
| ● |
| 相关链接 |
|
|
|
|
正题名:煤矿采场矿山压力导论
索取号:TD32/48
 
预约/预借
| 序号 | 登录号 | 条形码 | 馆藏地/架位号 | 状态 | 备注 |
| 1 | 1121889 | 211218895 | 第二样本阅览室/ [索取号:TD32/48] | 在馆 | |
| 2 | 1121890 | 211218902 | 第三借阅区/ [索取号:TD32/48] | 在馆 | |
| 3 | 1121891 | 211218911 | 第三借阅区/ [索取号:TD32/48] | 在馆 | |
| 4 | 1121892 | 211218920 | 第三借阅区/ [索取号:TD32/48] | 在馆 | |
| 5 | 1121893 | 211218939 | 第三借阅区/ [索取号:TD32/48] | 在馆 |